[Event "13th Norway Chess Women"]
[Site "Stavanger NOR"]
[Date "2025.05.26"]
[Round "1.1"]
[White "Muzychuk, Anna"]
[Black "Khademalsharieh, Sarasadat"]
[Result "1/2-1/2"]
[WhiteTitle "GM"]
[BlackTitle "IM"]
[WhiteElo "2526"]
[BlackElo "2449"]
[WhiteFideId "14111330"]
[BlackFideId "12512214"]
[EventDate "2025.05.26"]

1. e4 e5 2. Nf3 Nc6 3. Bb5 a6 4. Ba4 Nf6 5. O-O Be7 6. Re1 b5 7. Bb3 O-O 8. c3
d5 9. exd5 Nxd5 10. Nxe5 Nxe5 11. Rxe5 Bb7 12. d4 Bf6 13. Re1 Re8 14. Bd2 b4 15.
Rxe8+ Qxe8 16. a3 bxc3 17. Nxc3 Rd8 18. Qg4 Nxc3 19. bxc3 c5 20. Re1 Qf8 21. Qg3
Rc8 22. Bf4 cxd4 23. cxd4 Qd8 24. Bd6 Qa5 25. Bb4 Qd8 26. Bd6 Qa5 27. Qe3 h5 28.
Bc5 Bc6 29. Bb4 Qf5 30. h3 Re8 1/2-1/2

[Event "13th Norway Chess Women"]
[Site "Stavanger NOR"]
[Date "2025.05.26"]
[Round "1.2"]
[White "Koneru, Humpy"]
[Black "Vaishali, Rameshbabu"]
[Result "1-0"]
[WhiteTitle "GM"]
[BlackTitle "GM"]
[WhiteElo "2543"]
[BlackElo "2475"]
[WhiteFideId "5008123"]
[BlackFideId "5091756"]
[EventDate "2025.05.26"]

1. d4 d5 2. c4 e6 3. Nf3 Nf6 4. Nc3 c6 5. e3 Be7 6. b3 Ne4 7. Nxe4 dxe4 8. Nd2
f5 9. Bb2 O-O 10. c5 b6 11. cxb6 axb6 12. Be2 Na6 13. O-O Nb4 14. a3 Nd5 15. Nc4
Ba6 16. Ne5 Qe8 17. a4 Bd6 18. Bxa6 Bxe5 19. dxe5 Rxa6 20. Qe2 Ra7 21. Qc4 Qg6
22. Bc1 c5 23. Bd2 Rfa8 24. Rac1 Rc8 25. Rc2 h6 26. h3 Kh7 27. Rfc1 Qe8 28. Qe2
Ne7 29. a5 bxa5 30. Rxc5 Rxc5 31. Rxc5 a4 32. bxa4 Rxa4 33. Bc3 Nd5 34. Qc2 Ra8
35. Kh2 Rc8 36. Bd2 Rb8 37. Rc6 Rb2 38. Qxb2 Qxc6 39. Bb4 Qb5 40. Ba3 Qf1 41.
Qb7 Qa1 42. Bd6 Qa2 43. Bf8 Kg6 44. Qxg7+ 1-0

[Event "13th Norway Chess Women"]
[Site "Stavanger NOR"]
[Date "2025.05.26"]
[Round "1.3"]
[White "Lei, Tingjie"]
[Black "Ju, Wenjun"]
[Result "1/2-1/2"]
[WhiteTitle "GM"]
[BlackTitle "GM"]
[WhiteElo "2552"]
[BlackElo "2580"]
[WhiteFideId "8605114"]
[BlackFideId "8603006"]
[EventDate "2025.05.26"]

1. e4 e5 2. Nf3 Nf6 3. Nxe5 d6 4. Nf3 Nxe4 5. d4 d5 6. Bd3 Bf5 7. O-O Be7 8. Re1
O-O 9. Nbd2 Nd6 10. Nf1 Bg6 11. Ne5 Bxd3 12. Nxd3 Nd7 13. Bf4 Re8 14. c3 c6 15.
Qb3 b5 16. a4 a5 17. axb5 Nxb5 18. Qc2 Bd6 19. Rxe8+ Qxe8 20. Bxd6 Nxd6 21. Ne3
Qb8 22. g3 h6 23. b3 Qb6 24. b4 Qd8 25. bxa5 Rxa5 26. Rxa5 Qxa5 27. Nb4 Qa8 28.
Nf5 Nxf5 29. Qxf5 Qa1+ 30. Kg2 Qxc3 31. Na2 Qc4 32. Qxd7 Qxa2 33. Qxc6 g6 34.
Qe8+ Kg7 35. Qe5+ Kg8 36. g4 Qc4 37. h4 Qc6 38. Kg3 Qc3+ 39. f3 Qc1 40. Qxd5 g5
41. hxg5 hxg5 42. Qe4 Qg1+ 43. Kh3 Qh1+ 44. Kg3 Qg1+ 1/2-1/2

[Event "13th Norway Chess Women"]
[Site "Stavanger NOR"]
[Date "2025.05.27"]
[Round "2.1"]
[White "Khademalsharieh, Sarasadat"]
[Black "Ju, Wenjun"]
[Result "1/2-1/2"]
[WhiteTitle "IM"]
[BlackTitle "GM"]
[WhiteElo "2449"]
[BlackElo "2580"]
[WhiteFideId "12512214"]
[BlackFideId "8603006"]
[EventDate "2025.05.26"]

1. d4 Nf6 2. c4 e6 3. Nf3 d5 4. Nc3 Be7 5. Bf4 O-O 6. e3 c5 7. dxc5 Bxc5 8. a3
Nc6 9. Rc1 Be7 10. cxd5 Nxd5 11. Nxd5 exd5 12. Qd2 Be6 13. Be2 Qb6 14. O-O Rac8
15. Nd4 Nxd4 16. exd4 Bf6 17. Be5 Bxe5 18. dxe5 Bf5 19. Rxc8 Rxc8 20. Qxd5 Qxb2
21. Bf3 b6 22. a4 h6 23. Be4 Be6 24. Qd6 b5 25. Rd1 g5 26. axb5 Qxb5 27. h4 Qc5
28. hxg5 hxg5 29. Bb7 Qxd6 30. exd6 Rd8 31. Ra1 Kg7 32. Bf3 Rd7 33. Be2 Kf6 34.
Bb5 Rxd6 35. Rxa7 1/2-1/2

[Event "13th Norway Chess Women"]
[Site "Stavanger NOR"]
[Date "2025.05.27"]
[Round "2.2"]
[White "Vaishali, Rameshbabu"]
[Black "Lei, Tingjie"]
[Result "1/2-1/2"]
[WhiteTitle "GM"]
[BlackTitle "GM"]
[WhiteElo "2475"]
[BlackElo "2552"]
[WhiteFideId "5091756"]
[BlackFideId "8605114"]
[EventDate "2025.05.26"]

1. e4 e5 2. Nf3 Nf6 3. Nxe5 d6 4. Nf3 Nxe4 5. d4 d5 6. Bd3 Bd6 7. O-O O-O 8. c4
c6 9. cxd5 cxd5 10. Nc3 Re8 11. h3 Nxc3 12. bxc3 h6 13. a4 Nc6 14. Ba3 Bxa3 15.
Rxa3 Qf6 16. a5 Bf5 17. Bxf5 Qxf5 18. Qb1 Qd7 19. Qb5 Rab8 20. Raa1 b6 21. axb6
Rxb6 22. Qa4 Reb8 23. Ne5 Nxe5 24. dxe5 Qxa4 25. Rxa4 R6b7 26. Rfa1 Rb1+ 27.
Rxb1 Rxb1+ 28. Kh2 Rb3 29. Rxa7 Rxc3 30. Rd7 Rd3 1/2-1/2

[Event "13th Norway Chess Women"]
[Site "Stavanger NOR"]
[Date "2025.05.27"]
[Round "2.3"]
[White "Muzychuk, Anna"]
[Black "Koneru, Humpy"]
[Result "1-0"]
[WhiteTitle "GM"]
[BlackTitle "GM"]
[WhiteElo "2526"]
[BlackElo "2543"]
[WhiteFideId "14111330"]
[BlackFideId "5008123"]
[EventDate "2025.05.26"]

1. e4 e5 2. Nf3 Nc6 3. Bb5 a6 4. Ba4 Nf6 5. O-O Bc5 6. c3 Ba7 7. d4 b5 8. Bc2 d6
9. h3 Bb7 10. Be3 exd4 11. cxd4 Nb4 12. Nbd2 Nxc2 13. Qxc2 Qd7 14. Rfe1 O-O 15.
d5 Bxe3 16. Rxe3 Rac8 17. Nd4 c6 18. dxc6 Bxc6 19. Qd3 Rfe8 20. Rae1 g6 21. Nf1
Nh5 22. Ng3 Nxg3 23. Rxg3 Qb7 24. Rge3 Re7 25. f3 Qb6 26. Kh1 Bb7 27. Qd2 Rce8
28. Nc2 Re5 29. Rd3 R5e6 30. Ne3 h5 31. Rd1 a5 32. Nd5 Bxd5 33. Rxd5 Rc8 34. a3
b4 35. axb4 axb4 36. Qd4 Rc5 37. b3 Kh7 38. Ra1 Qc6 39. Kh2 Re7 40. Rxd6 Qc7 41.
Kh1 Rc1+ 42. Rxc1 Qxc1+ 43. Qd1 Qf4 44. Qd2 Qg3 45. Rd7 Rxd7 46. Qxd7 Qe1+ 47.
Kh2 Kg7 48. Qd4+ Kg8 49. Qd8+ Kg7 50. h4 Qe3 51. Qd5 Qe1 52. Qd4+ Kg8 53. e5 Qc3
54. Qd8+ Kg7 55. Qd5 Qe1 56. Qe4 Qxe4 57. fxe4 Kf8 58. Kg3 Ke7 59. Kf3 g5 60.
hxg5 Ke6 61. g3 Kxe5 62. Ke3 Kd6 63. Kd4 Ke6 64. Kc4 Ke5 65. Kxb4 Kxe4 66. Kc5
Kf3 67. b4 Kxg3 68. b5 h4 69. b6 h3 70. b7 h2 71. b8=Q+ Kg2 72. Qb2+ 1-0

[Event "13th Norway Chess Women"]
[Site "Stavanger NOR"]
[Date "2025.05.28"]
[Round "3.1"]
[White "Koneru, Humpy"]
[Black "Khademalsharieh, Sarasadat"]
[Result "1-0"]
[WhiteTitle "GM"]
[BlackTitle "IM"]
[WhiteElo "2543"]
[BlackElo "2449"]
[WhiteFideId "5008123"]
[BlackFideId "12512214"]
[EventDate "2025.05.26"]

1. d4 Nf6 2. c4 e6 3. Nf3 d5 4. Nc3 Nbd7 5. cxd5 exd5 6. Qc2 c6 7. Bf4 Be7 8. h3
O-O 9. e3 Re8 10. Bd3 Nf8 11. O-O Ne6 12. Bh2 g6 13. Ne5 Ng7 14. g4 Rf8 15. f4
c5 16. f5 c4 17. Be2 gxf5 18. gxf5 Kh8 19. a3 Qe8 20. Ng4 Qd8 21. Kh1 Bd7 22.
Ne5 Bc8 23. Rf2 Nge8 24. Ng4 Nxg4 25. hxg4 Bg5 26. Bf3 Bxe3 27. Re2 Bg5 28. Nxd5
Bd7 29. Nc3 Qb6 30. Ne4 Bd8 31. d5 Rc8 32. Be5+ f6 33. Bc3 Kg8 34. Qd2 Nd6 35.
Ng3 Nf7 36. Bd4 Qa6 37. Re6 Bxe6 38. fxe6 Ng5 39. Bg2 Ba5 40. Qe3 Bb6 41. e7
Rfe8 42. d6 1-0

[Event "13th Norway Chess Women"]
[Site "Stavanger NOR"]
[Date "2025.05.28"]
[Round "3.2"]
[White "Lei, Tingjie"]
[Black "Muzychuk, Anna"]
[Result "1/2-1/2"]
[WhiteTitle "GM"]
[BlackTitle "GM"]
[WhiteElo "2552"]
[BlackElo "2526"]
[WhiteFideId "8605114"]
[BlackFideId "14111330"]
[EventDate "2025.05.26"]

1. e4 c5 2. Nf3 Nc6 3. Bb5 e6 4. O-O Nge7 5. Re1 a6 6. Bf1 d5 7. exd5 Nxd5 8. d4
Nf6 9. Be3 cxd4 10. Nxd4 Bd7 11. Nb3 Be7 12. c4 Ne5 13. Nc3 O-O 14. Qd4 Ng6 15.
Red1 Qb8 16. h3 Rc8 17. Qd3 Ne5 18. Qd4 Ng6 19. Qd3 Ne5 20. Qd4 Ng6 21. Qd3 1/2-1/2

[Event "13th Norway Chess Women"]
[Site "Stavanger NOR"]
[Date "2025.05.28"]
[Round "3.3"]
[White "Ju, Wenjun"]
[Black "Vaishali, Rameshbabu"]
[Result "1/2-1/2"]
[WhiteTitle "GM"]
[BlackTitle "GM"]
[WhiteElo "2580"]
[BlackElo "2475"]
[WhiteFideId "8603006"]
[BlackFideId "5091756"]
[EventDate "2025.05.26"]

1. e4 e6 2. d4 d5 3. exd5 exd5 4. Nf3 Nc6 5. Nc3 Bb4 6. Bd3 Nge7 7. O-O O-O 8.
Ne2 Bf5 9. Ng3 Bxd3 10. Qxd3 Ng6 11. Qb3 a5 12. a4 Bd6 13. Nf5 Qd7 14. Nxd6 Qxd6
15. Bd2 Rfe8 16. Rfe1 b6 17. c3 h6 18. Qc2 Qd7 19. Qd3 Rxe1+ 20. Rxe1 Re8 21. h3
Rxe1+ 22. Nxe1 Nce7 23. b3 Nf5 24. Qf3 c6 25. Qg4 Qe6 26. Nd3 Kf8 27. Kf1 Ke7
28. Bc1 Kd7 29. Qe2 Qxe2+ 30. Kxe2 Ke6 31. g4 Nd6 32. f3 f6 33. Kf2 Nf8 34. h4
Kd7 35. h5 Ne6 36. Ba3 b5 37. Nc5+ Nxc5 38. Bxc5 bxa4 39. bxa4 Ke6 40. Bxd6 Kxd6
41. Ke3 Ke7 42. Kf4 Ke6 43. Kg3 Ke7 44. Kf4 Ke6 1/2-1/2

[Event "13th Norway Chess Women"]
[Site "Stavanger NOR"]
[Date "2025.05.29"]
[Round "4.1"]
[White "Lei, Tingjie"]
[Black "Khademalsharieh, Sarasadat"]
[Result "0-1"]
[WhiteTitle "GM"]
[BlackTitle "IM"]
[WhiteElo "2552"]
[BlackElo "2449"]
[WhiteFideId "8605114"]
[BlackFideId "12512214"]
[EventDate "2025.05.26"]

1. e4 e5 2. Nf3 Nc6 3. Bc4 Bc5 4. c3 Nf6 5. d3 d6 6. Bg5 h6 7. Bh4 g5 8. Bg3 a6
9. Nbd2 Ba7 10. O-O O-O 11. a4 Nh7 12. Kh1 Qf6 13. d4 Bg4 14. dxe5 Nxe5 15. Be2
Nxf3 16. Nxf3 Rae8 17. e5 dxe5 18. Nxe5 Bxe2 19. Qxe2 Bc5 20. Rae1 Qe6 21. Qh5
Bd6 22. f4 Bxe5 23. Rxe5 Qc4 24. Ree1 Kg7 25. fxg5 hxg5 26. Kg1 Rxe1 27. Rxe1
Qc5+ 28. Bf2 Qc6 29. Bd4+ Kg8 30. Re5 Qg6 31. Qxg6+ fxg6 32. Re7 Rf7 33. Re6 Nf8
34. Re8 Rf5 35. Rc8 c6 36. h3 Rd5 37. Rb8 b5 38. Rc8 bxa4 39. Rxc6 Rb5 40. c4
Rf5 41. Bc3 a5 42. Ra6 Rc5 43. Ra7 Ne6 44. Re7 Nf4 45. Re4 Kf7 46. Kf2 Rf5 47.
Kg1 Nd3 48. Rd4 Nf4 49. Re4 Nd3 50. Re3 Nb4 51. g3 Rc5 52. Re4 Nc2 53. Re2 Nb4
54. Rf2+ Ke7 55. Rf6 Rxc4 56. Rb6 a3 57. Bf6+ Kf7 58. bxa3 Nd5 59. Rb5 Nxf6 60.
Rxa5 g4 61. hxg4 Rxg4 62. Kf2 g5 63. a4 Kg6 64. Ra8 Rb4 65. a5 g4 66. a6 Rb3 67.
a7 Ra3 68. Kg2 Kg7 69. Kh2 Nh5 70. Kh1 Nxg3+ 71. Kg2 Nf5 0-1

[Event "13th Norway Chess Women"]
[Site "Stavanger NOR"]
[Date "2025.05.29"]
[Round "4.2"]
[White "Ju, Wenjun"]
[Black "Koneru, Humpy"]
[Result "1/2-1/2"]
[WhiteTitle "GM"]
[BlackTitle "GM"]
[WhiteElo "2580"]
[BlackElo "2543"]
[WhiteFideId "8603006"]
[BlackFideId "5008123"]
[EventDate "2025.05.26"]

1. e4 e5 2. Nf3 Nc6 3. Bc4 Bc5 4. d3 Nf6 5. Nc3 h6 6. O-O d6 7. Na4 Bb6 8. a3
O-O 9. h3 Ne7 10. Nxb6 axb6 11. Re1 Be6 12. Bxe6 fxe6 13. c3 Ng6 14. d4 exd4 15.
cxd4 d5 16. exd5 exd5 17. Ne5 Ne7 18. Bf4 Ne4 19. Qg4 Qc8 20. Nd3 Nc6 21. f3
Qxg4 22. hxg4 Nd6 23. Bxd6 cxd6 24. Rad1 Ra4 25. Nc1 b5 26. Re6 Rd8 27. Ne2 b4
28. Re3 bxa3 29. Rxa3 Rxa3 30. bxa3 Ra8 31. Rb1 Rxa3 32. Rxb7 Ra4 33. Nf4 Nxd4
34. Nxd5 Ne2+ 35. Kf2 Nf4 36. Ne7+ Kf8 37. Nf5 Ra2+ 38. Ke3 Nxg2+ 39. Kd4 Rd2+
40. Kc4 Rf2 41. Nxg7 Rxf3 42. Ne6+ Kg8 43. Rg7+ Kh8 44. Rg6 Kh7 45. Rg7+ Kh8 46.
Rg6 Kh7 47. Rg7+ Kh8 1/2-1/2

[Event "13th Norway Chess Women"]
[Site "Stavanger NOR"]
[Date "2025.05.29"]
[Round "4.3"]
[White "Vaishali, Rameshbabu"]
[Black "Muzychuk, Anna"]
[Result "1/2-1/2"]
[WhiteTitle "GM"]
[BlackTitle "GM"]
[WhiteElo "2475"]
[BlackElo "2526"]
[WhiteFideId "5091756"]
[BlackFideId "14111330"]
[EventDate "2025.05.26"]

1. d4 d5 2. c4 e6 3. Nf3 Nf6 4. g3 dxc4 5. Bg2 c5 6. O-O Nc6 7. Ne5 Bd7 8. Nxc4
cxd4 9. Bf4 Bc8 10. Ne5 Bd7 11. Nc4 Bc8 12. Ne5 Bd7 13. Nc4 Bc8 14. Ne5 Bd7 1/2-1/2

[Event "13th Norway Chess Women"]
[Site "Stavanger NOR"]
[Date "2025.05.31"]
[Round "5.1"]
[White "Khademalsharieh, Sarasadat"]
[Black "Vaishali, Rameshbabu"]
[Result "0-1"]
[WhiteTitle "IM"]
[BlackTitle "GM"]
[WhiteElo "2449"]
[BlackElo "2475"]
[WhiteFideId "12512214"]
[BlackFideId "5091756"]
[EventDate "2025.05.26"]

1. d4 Nf6 2. c4 e6 3. Nf3 Bb4+ 4. Nbd2 O-O 5. a3 Be7 6. e4 d6 7. Be2 Nfd7 8. b4
e5 9. d5 a5 10. Bb2 c6 11. O-O cxd5 12. cxd5 axb4 13. axb4 Rxa1 14. Qxa1 Nb6 15.
Rc1 f5 16. Qa5 N8d7 17. exf5 Nf6 18. Qa2 Kh8 19. Bc4 Bxf5 20. Bb3 Qd7 21. Qa5
Bd8 22. Qa2 Nh5 23. Bc4 Nf4 24. Bf1 Nbxd5 25. Qb3 Qf7 26. Nc4 Qg6 27. Kh1 b5 28.
Ne3 Be4 29. Nxd5 Bxd5 30. Qe3 Bc4 31. g3 Nd5 32. Qa3 Bxf1 33. Rxf1 Qe4 34. Kg2
Bb6 35. Rd1 Ne3+ 0-1

[Event "13th Norway Chess Women"]
[Site "Stavanger NOR"]
[Date "2025.05.31"]
[Round "5.2"]
[White "Muzychuk, Anna"]
[Black "Ju, Wenjun"]
[Result "1/2-1/2"]
[WhiteTitle "GM"]
[BlackTitle "GM"]
[WhiteElo "2526"]
[BlackElo "2580"]
[WhiteFideId "14111330"]
[BlackFideId "8603006"]
[EventDate "2025.05.26"]

1. e4 e5 2. Nf3 Nc6 3. Bb5 Nf6 4. O-O Nxe4 5. Re1 Nd6 6. Nxe5 Be7 7. Bf1 Nxe5 8.
Rxe5 O-O 9. d4 Ne8 10. d5 Bc5 11. Re1 d6 12. Be3 Bxe3 13. Rxe3 Nf6 14. h3 Re8
15. Rxe8+ Qxe8 16. Nc3 Bd7 17. Qd2 Qf8 18. a4 h6 19. a5 a6 20. Qd4 Bf5 21. Rc1
h5 22. Bd3 Bxd3 23. cxd3 Qe8 24. Ne4 Nxe4 25. dxe4 Qb5 26. Rxc7 Qxa5 27. Rxb7
Qe1+ 28. Kh2 Re8 29. f3 h4 30. Rc7 Rb8 31. Rc2 Qg3+ 32. Kh1 Rb3 33. Re2 Rb5 34.
Rc2 Rb3 35. Re2 Rb5 36. Rc2 1/2-1/2

[Event "13th Norway Chess Women"]
[Site "Stavanger NOR"]
[Date "2025.05.31"]
[Round "5.3"]
[White "Koneru, Humpy"]
[Black "Lei, Tingjie"]
[Result "1/2-1/2"]
[WhiteTitle "GM"]
[BlackTitle "GM"]
[WhiteElo "2543"]
[BlackElo "2552"]
[WhiteFideId "5008123"]
[BlackFideId "8605114"]
[EventDate "2025.05.26"]

1. Nf3 Nf6 2. g3 g6 3. Bg2 Bg7 4. O-O O-O 5. d4 d6 6. Nc3 Nbd7 7. a4 c5 8. a5
Rb8 9. dxc5 Nxc5 10. Be3 Bd7 11. b4 Ng4 12. Bd4 Ne6 13. Bxg7 Kxg7 14. Nd5 Nc7
15. c4 Nxd5 16. Qxd5 Nf6 17. Qd4 b6 18. axb6 Qxb6 19. c5 Qxb4 20. cxd6 Qxd6 21.
Qxd6 exd6 22. Rxa7 Ra8 23. Rxa8 Rxa8 24. Nd4 Ra7 25. Rc1 Kf8 26. h3 h5 27. h4
Ra4 28. Rd1 Ke7 29. Nc6+ Bxc6 30. Bxc6 Ra2 31. Bf3 1/2-1/2

[Event "13th Norway Chess Women"]
[Site "Stavanger NOR"]
[Date "2025.06.01"]
[Round "6.1"]
[White "Khademalsharieh, Sarasadat"]
[Black "Muzychuk, Anna"]
[Result "1/2-1/2"]
[WhiteTitle "IM"]
[BlackTitle "GM"]
[WhiteElo "2449"]
[BlackElo "2526"]
[WhiteFideId "12512214"]
[BlackFideId "14111330"]
[EventDate "2025.05.26"]

1. d4 d5 2. c4 e6 3. Nf3 Nf6 4. Nc3 c6 5. e3 Nbd7 6. Be2 Bd6 7. O-O O-O 8. b3 b6
9. Bb2 Bb7 10. Qc2 Qe7 11. Rad1 Rad8 12. Rfe1 Rfe8 13. h3 a6 14. Bf1 Bb4 15. Bd3
h6 16. Re2 c5 17. cxd5 exd5 18. a3 Ba5 19. Bf5 Nf8 20. Na2 Ne4 21. Ba1 g6 22.
dxc5 bxc5 23. Bxe4 dxe4 24. Rxd8 Rxd8 25. Nd2 Ne6 26. Nc4 Bc7 27. Rd2 Rxd2 28.
Qxd2 Qd8 29. Qxd8+ Bxd8 30. Be5 Bd5 31. Nc3 Bxc4 32. bxc4 f5 33. Nd5 Kf7 1/2-1/2

[Event "13th Norway Chess Women"]
[Site "Stavanger NOR"]
[Date "2025.06.01"]
[Round "6.2"]
[White "Vaishali, Rameshbabu"]
[Black "Koneru, Humpy"]
[Result "1/2-1/2"]
[WhiteTitle "GM"]
[BlackTitle "GM"]
[WhiteElo "2475"]
[BlackElo "2543"]
[WhiteFideId "5091756"]
[BlackFideId "5008123"]
[EventDate "2025.05.26"]

1. d4 Nf6 2. c4 e6 3. g3 d5 4. Bg2 Be7 5. Nf3 O-O 6. Qc2 c5 7. dxc5 d4 8. b4 a5
9. b5 Bxc5 10. Nbd2 Nbd7 11. Nb3 e5 12. a4 Qc7 13. O-O Ra7 14. Bg5 b6 15. Nxc5
Qxc5 16. Nd2 Qd6 17. Bxf6 Qxf6 18. Nb3 Bb7 19. Bxb7 Rxb7 20. f4 Nc5 21. Nxc5
bxc5 22. Qe4 Re7 23. f5 Rd7 24. Rad1 Rb8 25. Rd3 Rd6 26. Kg2 Qe7 27. Rf2 h6 28.
h4 Rbd8 29. Kh3 h5 30. g4 hxg4+ 31. Qxg4 Rh6 32. Rg3 Qf6 33. Rfg2 Rh7 34. Qe4
Kh8 35. Rg4 Qd6 36. R2g3 Rb8 37. Rf3 Rh6 38. Rfg3 Rh7 39. Rf3 Rh6 40. Rfg3 Rh7
41. Rf3 1/2-1/2

[Event "13th Norway Chess Women"]
[Site "Stavanger NOR"]
[Date "2025.06.01"]
[Round "6.3"]
[White "Ju, Wenjun"]
[Black "Lei, Tingjie"]
[Result "1/2-1/2"]
[WhiteTitle "GM"]
[BlackTitle "GM"]
[WhiteElo "2580"]
[BlackElo "2552"]
[WhiteFideId "8603006"]
[BlackFideId "8605114"]
[EventDate "2025.05.26"]

1. e4 e5 2. Nf3 Nc6 3. Bc4 Nf6 4. d3 Be7 5. O-O O-O 6. Re1 d6 7. a4 Be6 8. a5 a6
9. Nbd2 Qd7 10. c3 h6 11. Bb3 Bxb3 12. Qxb3 Rfd8 13. Nc4 Bf8 14. h3 Kh8 15. Bd2
Rab8 16. Qc2 Re8 17. Re2 d5 18. exd5 Qxd5 19. Ne3 Qd7 20. Nc4 Qd5 21. Ne3 Qd7
22. Nc4 Qd5 1/2-1/2

[Event "13th Norway Chess Women"]
[Site "Stavanger NOR"]
[Date "2025.06.02"]
[Round "7.1"]
[White "Ju, Wenjun"]
[Black "Khademalsharieh, Sarasadat"]
[Result "1-0"]
[WhiteTitle "GM"]
[BlackTitle "IM"]
[WhiteElo "2580"]
[BlackElo "2449"]
[WhiteFideId "8603006"]
[BlackFideId "12512214"]
[EventDate "2025.05.26"]

1. c4 Nf6 2. Nf3 e6 3. g3 d5 4. Bg2 d4 5. O-O c5 6. e3 Nc6 7. exd4 cxd4 8. d3
Bc5 9. Re1 O-O 10. Bg5 h6 11. Bxf6 Qxf6 12. Nbd2 Qd8 13. a3 a5 14. Ne5 Nxe5 15.
Rxe5 Qc7 16. Qh5 Be7 17. Rae1 Bd7 18. f4 Ra6 19. R5e2 a4 20. Nf3 b5 21. cxb5 Rb6
22. Ne5 Rxb5 23. Qf3 Rfb8 24. f5 Bg5 25. Nxd7 Qxd7 26. fxe6 fxe6 27. Bh3 Be3+
28. Kh1 Re5 29. Rf1 Qc7 30. Qg4 Rf5 31. Ree1 Qb7+ 32. Bg2 Qf7 33. Qe2 Rf8 34.
Rxf5 exf5 35. Qc2 Rb8 36. Qxa4 Rxb2 37. Qa8+ Kh7 38. Bd5 Rb8 39. Qc6 Qe7 40. a4
Qb4 41. Rf1 Qc3 42. Bc4 Qd2 43. Be6 Qe2 44. Bxf5+ Kh8 45. Qg2 Qxg2+ 46. Kxg2 Bd2
47. Bg6 Kg8 48. h4 Bb4 49. Rf5 Ra8 50. Bf7+ Kh7 51. Rb5 Bd6 52. Rd5 Be7 53. Rxd4
Bf6 54. Re4 g6 55. Be8 Kg7 56. Kf3 Rd8 57. Bb5 Rd5 58. Re6 Rf5+ 59. Ke4 Rf1 60.
a5 Rb1 61. Bc4 Re1+ 62. Kd5 Ra1 63. a6 Ra5+ 64. Ke4 h5 65. Rc6 Re5+ 66. Kf4 Re7
67. Rb6 Be5+ 68. Kf3 Rc7 69. Bd5 Re7 70. Be4 Rf7+ 71. Kg2 Bf6 72. Rd6 Rc7 73.
Kh3 1-0

[Event "13th Norway Chess Women"]
[Site "Stavanger NOR"]
[Date "2025.06.02"]
[Round "7.2"]
[White "Lei, Tingjie"]
[Black "Vaishali, Rameshbabu"]
[Result "1-0"]
[WhiteTitle "GM"]
[BlackTitle "GM"]
[WhiteElo "2552"]
[BlackElo "2475"]
[WhiteFideId "8605114"]
[BlackFideId "5091756"]
[EventDate "2025.05.26"]

1. e4 e5 2. Nf3 Nc6 3. Bc4 Nf6 4. d3 Bc5 5. Nc3 h6 6. h3 d6 7. Na4 Bb6 8. a3 Be6
9. Bxe6 fxe6 10. b4 O-O 11. O-O Qe8 12. Bb2 Nh5 13. Nxb6 axb6 14. g3 Qf7 15. Nh2
Nd4 16. c3 Nf3+ 17. Nxf3 Qxf3 18. Qxf3 Rxf3 19. Rad1 b5 20. Kg2 Rf7 21. c4 bxc4
22. dxc4 Nf6 23. Rfe1 Nd7 24. Re2 Nb6 25. Rc2 Rd7 26. Rd3 Kf7 27. c5 dxc5 28.
Rf3+ Kg8 29. bxc5 Na4 30. Ba1 Ra5 31. c6 bxc6 32. Rxc6 Nc5 33. Bc3 Rb5 34. Re3
Nd3 35. a4 Rb6 36. Rc4 Rb3 37. Re2 Ra3 38. a5 Nc1 39. Bb2 Nxe2 40. Bxa3 Nd4 41.
a6 Nb5 42. Bb2 Na7 43. Bxe5 c6 44. Bb8 Nb5 45. Rxc6 Kf7 46. Rb6 1-0

[Event "13th Norway Chess Women"]
[Site "Stavanger NOR"]
[Date "2025.06.02"]
[Round "7.3"]
[White "Koneru, Humpy"]
[Black "Muzychuk, Anna"]
[Result "1/2-1/2"]
[WhiteTitle "GM"]
[BlackTitle "GM"]
[WhiteElo "2543"]
[BlackElo "2526"]
[WhiteFideId "5008123"]
[BlackFideId "14111330"]
[EventDate "2025.05.26"]

1. d4 Nf6 2. c4 g6 3. g3 c6 4. Bg2 d5 5. Qa4 Bg7 6. cxd5 Nxd5 7. Nf3 Bg4 8. Nbd2
Na6 9. O-O O-O 10. h3 Be6 11. Qd1 Nb6 12. Nb3 Qd7 13. Kh2 Rfd8 14. Bf4 c5 15.
Nxc5 Nxc5 16. dxc5 Qb5 17. Qc2 Rac8 18. Rad1 Rxd1 19. Rxd1 Nd5 20. Nd4 Bxd4 21.
Rxd4 Nxf4 22. gxf4 Qxc5 23. Rd8+ Kg7 24. Rxc8 Qxc8 25. Qe4 Qc5 26. b4 Qxf2 27.
Qe5+ Kg8 28. Qb8+ Kg7 29. Qe5+ Kg8 30. Qb8+ Kg7 31. Qe5+ 1/2-1/2

[Event "13th Norway Chess Women"]
[Site "Stavanger NOR"]
[Date "2025.06.03"]
[Round "8.1"]
[White "Khademalsharieh, Sarasadat"]
[Black "Koneru, Humpy"]
[Result "0-1"]
[WhiteTitle "IM"]
[BlackTitle "GM"]
[WhiteElo "2449"]
[BlackElo "2543"]
[WhiteFideId "12512214"]
[BlackFideId "5008123"]
[EventDate "2025.05.26"]

1. d4 Nf6 2. c4 e6 3. Nf3 d5 4. Nc3 h6 5. e3 Nbd7 6. Bd3 dxc4 7. Bxc4 c5 8. O-O
a6 9. a4 Be7 10. dxc5 Bxc5 11. b3 b6 12. Bb2 Bb7 13. Qe2 Qb8 14. Bd3 O-O 15. h3
Rd8 16. Bc2 Qa7 17. Nd2 Rac8 18. Nde4 Be7 19. Rfd1 Qa8 20. f3 Qb8 21. Rac1 a5
22. Bd3 Nc5 23. Nxc5 Bxc5 24. Qf2 Bd6 25. f4 Bc5 26. Ne2 Ne4 27. Bxe4 Bxe4 28.
Rxd8+ Rxd8 29. Qg3 Bg6 30. Nd4 Qd6 31. h4 Qd5 32. Kh2 Kh7 33. Rd1 f6 34. e4 Qb7
35. Rd2 Bxe4 36. Bc3 Qf7 37. Qe3 Qg6 38. Qe2 f5 39. Nf3 Bxf3 40. Qxf3 Rxd2 41.
Bxd2 Qg4 42. Be1 Qxf3 43. gxf3 Bd6 44. Bg3 Kg6 45. Kh3 Kf6 46. Bf2 Bc5 47. Be1
Bd4 48. b4 axb4 49. Bxb4 e5 50. fxe5+ Kxe5 51. a5 b5 52. Bf8 Kd5 53. a6 Kc6 54.
Kg3 Bc3 55. a7 Kb7 56. Bc5 b4 57. Kf4 b3 58. Ba3 b2 0-1

[Event "13th Norway Chess Women"]
[Site "Stavanger NOR"]
[Date "2025.06.03"]
[Round "8.2"]
[White "Muzychuk, Anna"]
[Black "Lei, Tingjie"]
[Result "1/2-1/2"]
[WhiteTitle "GM"]
[BlackTitle "GM"]
[WhiteElo "2526"]
[BlackElo "2552"]
[WhiteFideId "14111330"]
[BlackFideId "8605114"]
[EventDate "2025.05.26"]

1. e4 e5 2. Nf3 Nc6 3. Bb5 a6 4. Ba4 Nf6 5. O-O Nxe4 6. d4 Be7 7. Re1 b5 8. Rxe4
d5 9. Nxe5 Nxe5 10. Rxe5 bxa4 11. b3 O-O 12. Ba3 Bxa3 13. Nxa3 Re8 14. Rxe8+
Qxe8 15. Nb1 Qc6 16. Qd2 Bd7 17. Nc3 Qd6 18. Re1 h6 19. h3 a5 20. Nxa4 Bxa4 21.
bxa4 Qc6 22. Re7 Qxa4 23. c3 Qc4 24. Qf4 Rf8 25. Rxc7 Qxa2 26. Qd6 a4 27. Ra7
Re8 28. Qf4 Rf8 29. Qd6 Re8 30. Qf4 Rf8 31. Qd6 1/2-1/2